| 000 | 00000nam##2200000za#4500 |
| 001 | 9.534399 |
| 003 | CaOODSP |
| 005 | 20200327074045 |
| 007 | ta |
| 008 | 150406|2001||||xxc||||| f|0| 0 fre|d |
| 020 | |a0-660-61483-9 |
| 040 | |aCaOODSP|bfre |
| 041 | |aeng |
| 041 | |afre |
| 043 | |an-cn--- |
| 086 | 1 |aBT31-2/2002-III-53 |
| 110 | 1 |aCanada. |bConseil du trésor. |
| 245 | 10|aAgence canadienne de développement international |
| 260 | |aOttawa - Ontario : |bSecrétariat du Conseil du Trésor du Canada |c2001. |
| 490 | 1 |aBudget des dépenses 2001-2002, partie III: rapport sur les plans et les priorités |
| 546 | |aBilingue |
| 590 | |a01-14|b2001-04-06 |
| 691 | 07|aPrévisions budgétaires|2gcpds |
| 776 | 0#|tCanadian International Development Agency, 2001-2002 estimates. Part III, Report on plans and priorities |w(CaOODSP)9.568488 |
| 776 | 0#|tAgence canadienne de développement international, budget des dépenses 2001-2002. Partie III, Rapport sur les plans et les priorités |w(CaOODSP)9.599766 |
| 791 | |tCanadian International Development Agency |eeng|w(CaOODSP)9.534398 |
| 830 | #0|aBudget des dépenses 2001-2002, partie III: rapport sur les plans et les priorités.|w(CaOODSP)9.508967 |